| 000 | 01570cam a2200337 i 4500 | ||
|---|---|---|---|
| 999 |
_c29114 _d29085 |
||
| 001 | 17642047 | ||
| 003 | EG-ScBUE | ||
| 005 | 20210426104829.0 | ||
| 008 | 130228s2012 enk f b 001 0 eng d | ||
| 020 | _a9780230251830 (pbk.) | ||
| 035 | _a(OCoLC)ocn815727704 | ||
| 040 |
_aNLE _beng _erda _cNLE _dOCLCO _dCDX _dIG$ _dCOD _dSTF _dYDXCP _dFDA _dDLC _dEG-ScBUE |
||
| 082 | 0 | 4 |
_a823.509 _bSEA _222 |
| 100 | 1 |
_aSeager, Nicholas, _eauthor. |
|
| 245 | 1 | 4 |
_aThe rise of the novel / _cNicholas Seager ; consultant editor Nicolas Tredell. |
| 264 | 1 |
_aLondon ; _aNew York : _bPalgrave Macmillan, _c2012. |
|
| 300 |
_ax, 228 pages ; _c23 cm. |
||
| 336 |
_atext _2rdacontent _btxt |
||
| 337 |
_aunmediated _2rdamedia _bn |
||
| 338 |
_avolume _2rdacarrier _bnc |
||
| 490 | 0 | _aReaders' guides to essential criticism | |
| 504 | _aIncludes bibliographical references and index. | ||
| 520 | 8 | _aThis guide explores the dominant methodologies, theories and debates surrounding the emergence of the novel during the 18th-century. Covering key criticism on authors such as Defoe, Fielding, Richardson and Austen, the emphasis is on how critical work is interrelated, allowing readers to discern trends in the critical conversation. | |
| 650 | 7 |
_aEnglish fiction _y18th century _xHistory and criticism. _2BUEsh |
|
| 653 |
_bHHUUEENN _cApril2021 |
||
| 655 |
_vReading book _934232 |
||
| 700 | 1 |
_aTredell, Nicolas, _eeditor. |
|
| 906 |
_a7 _bcbc _ccopycat _d2 _encip _f20 _gy-gencatlg |
||
| 942 |
_2ddc _cBB |
||